000
00335nam a2200133Ia 4500
008
240624s9999 xx 000 0 und d
041
_a
eng
082
_a
300.72 WIL
100
_a
BHANDARKAR P L
245
_a
METHODOLOGY AND TECHNIQUES OF SOCIAL RES
260
_c
2004
_a
Mumbai
_b
Himalaya
300
_a
443 : p. : cm. ; 22
365
_c
RS
999
_c
1909
_d
1909